000 00548nam a2200181 a 4500
001 000023560
005 20200930022317.0
008 101213s1943 sp r 000 0 spa d
040 _aDO-SdBNP
_bspa
_cBNPHU
082 _axxxxxx
_bC198p
245 0 0 _aCampoamor :
_bpoesías /
_cEdición y prólogo Félix Ros.
260 _aMadrid :
_bEspasa Calpe,
_c1943.
300 _a308 p. ;
_c19 cm.
440 0 _aClásicos castellanos.
_94180
500 _aIncluye notas al pie de las páginas.
700 1 _aRos, Félix,
_eed.
_epról.
_939917
049 _aBNGR
999 _c23056
_d23056